|
|
|
|
| LEADER |
01960nam a2200445 i 4500 |
| 001 |
EBC1640275 |
| 003 |
MiAaPQ |
| 005 |
20200520144314.0 |
| 006 |
m o d | |
| 007 |
cr cnu|||||||| |
| 008 |
140416t20142014gw ob 000 0 eng d |
| 020 |
|
|
|z 9783954890880
|
| 020 |
|
|
|z 9783954895885 (PDF)
|
| 035 |
|
|
|a (MiAaPQ)EBC1640275
|
| 035 |
|
|
|a (Au-PeEL)EBL1640275
|
| 035 |
|
|
|a (CaPaEBR)ebr10856564
|
| 035 |
|
|
|a (OCoLC)871779337
|
| 040 |
|
|
|a MiAaPQ
|b eng
|e rda
|e pn
|c MiAaPQ
|d MiAaPQ
|
| 043 |
|
|
|a n-us---
|a e-gx---
|
| 050 |
|
4 |
|a HD2741
|b .S677 2014
|
| 082 |
0 |
|
|a 658.4
|2 23
|
| 100 |
1 |
|
|a Sossong, Andreas,
|e author.
|
| 245 |
1 |
0 |
|a Institutional asset management :
|b how are professional investors affected by legislature and corporate governance? /
|c Andreas Sossong.
|
| 264 |
|
1 |
|a Hamburg, Germany :
|b Anchor Academic Publishing,
|c 2014.
|
| 264 |
|
4 |
|c 2014
|
| 300 |
|
|
|a 1 online resource (96 pages)
|
| 336 |
|
|
|a text
|2 rdacontent
|
| 337 |
|
|
|a computer
|2 rdamedia
|
| 338 |
|
|
|a online resource
|2 rdacarrier
|
| 504 |
|
|
|a Includes bibliographical references.
|
| 588 |
|
|
|a Description based on online resource; title from PDF cover (ebrary, viewed April 15, 2014).
|
| 590 |
|
|
|a Electronic reproduction. Ann Arbor, MI : ProQuest, 2015. Available via World Wide Web. Access may be limited to ProQuest affiliated libraries.
|
| 650 |
|
0 |
|a Corporate governance
|z United States.
|
| 650 |
|
0 |
|a Corporate governance
|z Germany.
|
| 650 |
|
0 |
|a Institutional investments
|z United States.
|
| 650 |
|
0 |
|a Institutional investments
|z Germany.
|
| 655 |
|
4 |
|a Electronic books.
|
| 776 |
0 |
8 |
|i Print version:
|a Sossong, Andreas.
|t Institutional asset management : how are professional investors affected by legislature and corporate governance?
|d Hamburg, Germany : Anchor Academic Publishing, c2014
|h viii, 67 pages
|z 9783954890880
|
| 797 |
2 |
|
|a ProQuest (Firm)
|
| 856 |
4 |
0 |
|u https://ebookcentral.proquest.com/lib/matrademy/detail.action?docID=1640275
|z Click to View
|